Las monedas mágicas /

Guardado en:
Autor Principal: Blasco, Martín
Otros Autores: Rojas, Estefanía
Formato: Libro
Publicado: Buenos Aires : Del Naranjo, 2013
Series:Sub20
Materias:
Etiquetas: Agregar Etiqueta
Sin Etiquetas, Sea el primero en etiquetar este registro!
LEADER 00727nam a22002415a 4500
001 CEM.cems015531
005 20191211181238.0
008 130507s2013##################000#0#####d
003 CEMS
020 |a 9789871343560 
082 0 4 |a A868.4 
100 1 |a Blasco, Martín 
245 1 0 |a Las monedas mágicas /  |c Martín Blasco ; ilustrado Por Estefanía Rojas 
260 |a Buenos Aires :  |b Del Naranjo,  |c 2013 
300 |a 64 p. 
490 0 |a Sub20 
653 |a Literatura 
653 |a Literatura argentina 
653 |a Literatura infantil 
653 |a Cuentos infantiles 
653 |a Colección ciencias de la educación 
700 1 |a Rojas, Estefanía 
859 |a CEMS  |b BIB. CEMS - Ccias. Educacion  |h A868.4  |i B612  |k CE  |p 28801.19  |t Ej.1